[Event "Mondiale Lampo FIDE 2017"]
[Site "Riyadh"]
[Date "29.12.2017"]
[Round "1.1"]
[White "Carlsen, Magnus"]
[Black "Inarkiev, Ernesto"]
[Result "1-0"]
[WhiteTitle "GM"]
[BlackTitle "GM"]
[WhiteElo "2837"]
[BlackElo "2689"]
[WhiteFideId "1503014"]
[BlackFideId "4162722"]
[EventDate "2017.12.29"]

1. e4 c5 2. a3 Nc6 3. b4 cxb4 4. axb4 Nxb4 5. d4 d5 6. c3 Nc6 7. exd5 Qxd5 8.
Na3 Bf5 9. Nb5 Rc8 10. Nxa7 Nxa7 11. Rxa7 e5 12. Nf3 exd4 13. Nxd4 Bd7 14. Nb5
Qxd1+ 15. Kxd1 Bc6 16. Bd3 Bc5 17. Re1+ Ne7 18. Ba3 Bxa3 19. Rxa3 Rd8 20. Nd4
Kd7 21. Ra7 Rhe8 22. Kc2 Kc7 23. Rb1 Rb8 24. f3 Nd5 25. Nxc6 Kxc6 26. Bb5+ Kb6
27. Rxb7+ 1-0

[Event "Mondiale Lampo FIDE 2017"]
[Site "Riyadh"]
[Date "29.12.2017"]
[Round "1.2"]
[White "Fressinet, Laurent"]
[Black "Aronian, Levon"]
[Result "1/2-1/2"]
[WhiteTitle "GM"]
[BlackTitle "GM"]
[WhiteElo "2662"]
[BlackElo "2805"]
[WhiteFideId "608742"]
[BlackFideId "13300474"]
[EventDate "2017.12.29"]

1. e4 g6 2. d4 Bg7 3. Nf3 d6 4. Be2 Nf6 5. Nc3 O-O 6. O-O a6 7. Re1 Nc6 8. d5
Na7 9. a4 e6 10. Be3 Re8 11. Bf1 exd5 12. exd5 Bg4 13. h3 Bxf3 14. Qxf3 Nd7 15.
Re2 Nc8 16. Rae1 Ncb6 17. Bc1 Rxe2 18. Rxe2 Qf8 19. a5 Nc4 20. Re1 Re8 21. Rxe8
Qxe8 22. Ne4 Nxb2 23. Nc3 Nc4 24. Ne4 Nxa5 25. Bd2 b6 26. Bxa6 Qe5 27. Bb5 Nf6
28. Nxf6+ Bxf6 29. c4 Kg7 30. g3 Nb7 31. Bf4 Qe7 32. Be3 Nc5 33. Bxc5 bxc5 34.
Kg2 Bd4 35. Ba4 f5 36. Bc6 Qe1 37. Bb7 Kf6 38. Bc8 h5 39. g4 hxg4 40. hxg4 Qe5
41. gxf5 gxf5 42. Qh5 Qe4+ 43. Qf3 Qc2 44. Be6 Kg6 45. Qg3+ Kf6 46. Qf3 Ke5 47.
Qg3+ Kf6 48. Qf3 Qe4 49. Qxe4 fxe4 50. Bd7 Ke5 51. Bb5 Kf4 52. Ba6 Bf6 53. Bb5
Bh4 54. Ba6 Ke5 55. Kf1 Kd4 56. Ke2 Bg5 57. Bb5 Kc3 58. Ba6 Bc1 59. Bb5 Kd4 60.
Ba6 Bb2 61. Bb5 Ke5 62. f3 1/2-1/2

[Event "Mondiale Lampo FIDE 2017"]
[Site "Riyadh"]
[Date "29.12.2017"]
[Round "1.3"]
[White "Karjakin, Sergey"]
[Black "Onischuk, Vladimir"]
[Result "1/2-1/2"]
[WhiteTitle "GM"]
[BlackTitle "GM"]
[WhiteElo "2760"]
[BlackElo "2637"]
[WhiteFideId "14109603"]
[BlackFideId "14114038"]
[EventDate "2017.12.29"]

1. e4 d6 2. c4 Nf6 3. Nc3 g6 4. g3 Bg7 5. Bg2 O-O 6. Nge2 c5 7. O-O Nc6 8. d3
Rb8 9. h3 a6 10. f4 Nd7 11. a4 Nd4 12. Be3 b6 13. Rb1 Bb7 14. Kh2 Bc6 15. Bg1 b5
16. axb5 axb5 17. cxb5 Bxb5 18. b4 Nxe2 19. Nxe2 cxb4 20. Rxb4 Qa5 21. Rb1 Qa6
22. Rf3 Ba4 23. Qf1 Rxb1 24. Qxb1 Rb8 25. Qe1 Rb2 26. Nc3 Qa5 27. d4 Bc6 28. Qc1
Qb4 29. Rf2 Rxf2 30. Bxf2 Bxd4 31. Na2 Qb2 32. Bxd4 Qxd4 33. Qxc6 Nc5 34. Qa8+
Kg7 35. Qd5 Qb2 36. e5 Ne6 37. exd6 exd6 38. Qc4 Nd4 39. Qc3 Qf2 40. Nc1 Kg8 41.
Qc8+ Kg7 42. Qc3 Kg8 43. Qd3 h5 44. h4 Kh7 45. Qf1 Qe3 46. Nd3 Ne2 47. Qf3 Qg1+
48. Kh3 Qd1 49. Qd5 Kg7 50. Nf2 Qg1 51. Qf3 Qe1 52. Kh2 Qg1+ 53. Kh3 Qe1 54. Kh2
Qg1+ 55. Kh3 1/2-1/2

[Event "Mondiale Lampo FIDE 2017"]
[Site "Riyadh"]
[Date "29.12.2017"]
[Round "1.6"]
[White "Moiseenko, Alexander"]
[Black "Ivanchuk, Vassily"]
[Result "1/2-1/2"]
[WhiteTitle "GM"]
[BlackTitle "GM"]
[WhiteElo "2667"]
[BlackElo "2726"]
[WhiteFideId "14102560"]
[BlackFideId "14100010"]
[EventDate "2017.12.29"]

1. d4 d5 2. c4 c6 3. Nc3 Nf6 4. Nf3 a6 5. cxd5 cxd5 6. Bg5 Ne4 7. e3 Nxg5 8.
Nxg5 e5 9. Nf3 e4 10. Ne5 Be6 11. Qa4+ Nd7 12. Be2 b5 13. Qd1 Bd6 14. Nxd7 Qxd7
15. O-O O-O 16. f3 exf3 17. Bxf3 Rac8 18. Nxd5 Bxd5 19. Bxd5 Bxh2+ 20. Kxh2 Qxd5
21. Qf3 Qxf3 22. Rxf3 Rc2 23. b3 Re8 24. a4 b4 25. Rd1 Rc3 26. d5 Rxb3 27. d6
Rc3 28. e4 f6 29. d7 Rd8 30. Rf5 Rc7 31. Rfd5 Kf7 32. Rd6 a5 33. R6d5 Ra7 34.
R1d3 Ke6 35. Rd6+ Ke7 36. e5 fxe5 37. R6d5 e4 38. Re5+ Kf6 39. Rxe4 Raxd7 40.
Rf3+ Kg5 41. Re5+ Kg6 42. Rxa5 Rb7 43. Ra6+ Kg5 44. Ra5+ Kg4 45. Rb3 Rdb8 46.
Rc5 h6 47. a5 Rb5 48. Rxb5 Rxb5 49. a6 Kg5 50. a7 Ra5 51. Rxb4 Rxa7 52. Rb5+ Kf6
53. Rb6+ Kf5 54. Rb5+ Kg4 55. Rb4+ Kh5 56. Rb5+ Kg6 57. Rc5 Ra3 58. Rd5 Kf6 59.
Rb5 g6 60. Rc5 h5 61. Rb5 Kg7 62. Rc5 Kh6 63. Rb5 h4 64. Rc5 g5 65. Rc6+ Kh5 66.
Rc5 Re3 67. Rb5 Kg4 68. Rb4+ Kf5 69. Rb5+ Kf4 70. Rb4+ Re4 71. Rb8 g4 72. g3+
hxg3+ 73. Kg2 Re2+ 74. Kg1 Ra2 75. Rb3 Re2 76. Rc3 Re3 77. Rc8 Re2 78. Rf8+ Kg5
79. Rg8+ Kh5 80. Rh8+ Kg5 81. Rg8+ Kf5 82. Rf8+ Ke4 83. Re8+ Kf3 84. Rxe2 Kxe2
85. Kg2 Kd1 86. Kxg3 Kc2 87. Kxg4 Kb1 1/2-1/2

[Event "Mondiale Lampo FIDE 2017"]
[Site "Riyadh"]
[Date "29.12.2017"]
[Round "1.7"]
[White "Nepomniachtchi, Ian"]
[Black "Kryvoruchko, Yuriy"]
[Result "1/2-1/2"]
[WhiteTitle "GM"]
[BlackTitle "GM"]
[WhiteElo "2729"]
[BlackElo "2689"]
[WhiteFideId "4168119"]
[BlackFideId "14109182"]
[EventDate "2017.12.29"]

1. c4 e6 2. Nc3 d5 3. d4 Nf6 4. cxd5 Nxd5 5. e4 Nxc3 6. bxc3 c5 7. Nf3 cxd4 8.
cxd4 Bb4+ 9. Bd2 Bxd2+ 10. Qxd2 O-O 11. Bc4 Nd7 12. O-O b6 13. Rfe1 Bb7 14. a4
Nf6 15. Bd3 h6 16. h3 Qe7 17. a5 bxa5 18. Rxa5 Rfc8 19. Qb2 Qc7 20. Qb4 Qc3 21.
Qxc3 Rxc3 22. Re3 Rac8 23. Rxa7 Bxe4 24. Bxe4 Rxe3 25. fxe3 Nxe4 26. Ne5 Nd6 27.
Rd7 Nc4 28. Nxc4 Rxc4 29. Kf2 Kf8 30. Kf3 Rc3 31. h4 g6 32. g4 Rc1 33. e4 Rf1+
34. Kg3 Rg1+ 35. Kf4 f6 36. d5 g5+ 37. hxg5 hxg5+ 38. Kf3 exd5 39. exd5 Rf1+ 40.
Kg3 Ke8 41. Ra7 Rd1 42. Ra5 Ke7 43. Ra7+ Kd6 44. Ra6+ Ke5 45. Re6+ 1/2-1/2

[Event "Mondiale Lampo FIDE 2017"]
[Site "Riyadh"]
[Date "29.12.2017"]
[Round "1.8"]
[White "Kuzubov, Yuriy"]
[Black "Artemiev, Vladislav"]
[Result "1/2-1/2"]
[WhiteTitle "GM"]
[BlackTitle "GM"]
[WhiteElo "2699"]
[BlackElo "2691"]
[WhiteFideId "14112906"]
[BlackFideId "24101605"]
[EventDate "2017.12.29"]

1. d4 Nf6 2. c4 g6 3. Nf3 Bg7 4. g3 b6 5. Bg2 Bb7 6. O-O O-O 7. Nc3 Ne4 8. Bd2
Nxd2 9. Qxd2 d6 10. e4 Nd7 11. Rad1 e6 12. Rfe1 Qe7 13. d5 a5 14. Qc2 e5 15. a3
Ba6 16. Nd2 h5 17. b4 Bh6 18. Nb5 Bxb5 19. cxb5 axb4 20. axb4 Ra7 21. Nb3 Rfa8
22. Ra1 Nf6 23. Rxa7 Rxa7 24. Ra1 Rxa1+ 25. Nxa1 Qd7 26. Qd3 Qc8 27. Nc2 Qa8 28.
Qa3 Qe8 29. Qd3 h4 30. Bf3 Qd7 31. Kg2 Nh7 32. gxh4 Qe7 33. h5 Qg5+ 34. Kf1 Qc1+
35. Qd1 Qf4 36. hxg6 Ng5 37. gxf7+ Kf8 38. Bg2 Nxe4 39. Bxe4 Qxe4 40. Ne1 Qh1+
41. Ke2 Qe4+ 42. Kf1 Qxb4 43. Qh5 Qxb5+ 44. Kg1 Bg7 45. Qh7 Kxf7 46. Nf3 Qxd5
47. Ng5+ Kf8 48. Qg6 Qd1+ 49. Kg2 Qg4+ 50. Kf1 Qd1+ 51. Kg2 Qg4+ 52. Kf1 Qc4+
53. Kg2 Qg4+ 54. Kf1 Qd1+ 1/2-1/2

[Event "Mondiale Lampo FIDE 2017"]
[Site "Riyadh"]
[Date "29.12.2017"]
[Round "1.9"]
[White "Svidler, Peter"]
[Black "Zhigalko, Sergei"]
[Result "1-0"]
[WhiteTitle "GM"]
[BlackTitle "GM"]
[WhiteElo "2765"]
[BlackElo "2641"]
[WhiteFideId "4102142"]
[BlackFideId "13502956"]
[EventDate "2017.12.29"]

1. Nf3 d5 2. c4 d4 3. b4 Bg4 4. Qb3 Nf6 5. g3 Bxf3 6. Qxf3 c6 7. Bg2 e5 8. Qb3
Nbd7 9. O-O a5 10. b5 Nc5 11. Qd1 Rc8 12. d3 Be7 13. Nd2 O-O 14. Rb1 cxb5 15.
Rxb5 b6 16. Nf3 Nfd7 17. e3 dxe3 18. Bxe3 Qc7 19. Qc2 Ne6 20. Bh3 Bc5 21. Bxe6
fxe6 22. Qe2 e4 23. Ng5 Qc6 24. Nxe4 Ne5 25. Bxc5 Nf3+ 26. Kg2 bxc5 27. Rxc5 Qa8
28. Rxc8 Qxc8 29. Qe3 Qb7 30. Rc1 Ne5 31. h3 Qd7 32. d4 Nc6 33. Nc5 Qxd4 34.
Qxe6+ Kh8 35. Ne4 Nb4 36. Re1 Nd3 37. Re2 Qa1 38. Nd6 h6 39. Nf7+ Kh7 40. Qe4+
g6 41. Qxd3 Rxf7 42. c5 Qf6 43. Qd5 Rc7 44. Re6 Qf7 45. Qe4 Rd7 46. c6 Rc7 47.
Rd6 Qxa2 48. Rd7+ Rxd7 49. cxd7 1-0

[Event "Mondiale Lampo FIDE 2017"]
[Site "Riyadh"]
[Date "29.12.2017"]
[Round "1.10"]
[White "Jobava, Baadur"]
[Black "Leko, Peter"]
[Result "1/2-1/2"]
[WhiteTitle "GM"]
[BlackTitle "GM"]
[WhiteElo "2690"]
[BlackElo "2691"]
[WhiteFideId "13601520"]
[BlackFideId "703303"]
[EventDate "2017.12.29"]

1. e4 e5 2. Nf3 Nc6 3. d4 exd4 4. Nxd4 Nf6 5. Nxc6 bxc6 6. Bd3 d5 7. exd5 cxd5
8. O-O Be7 9. Re1 O-O 10. h3 c6 11. Nd2 Re8 12. b3 Bd6 13. Rxe8+ Qxe8 14. Bb2
Be5 15. Bxe5 Qxe5 16. Nf3 Qd6 17. Qd2 a5 18. Re1 h6 19. Qc3 Be6 20. Qe5 Qxe5 21.
Nxe5 c5 22. f4 Kf8 23. Ng6+ Kg8 24. Ne5 Kf8 25. Kf2 a4 26. g4 axb3 27. axb3 g5
28. Kg3 Ra3 29. fxg5 hxg5 30. Rf1 Kg7 31. h4 gxh4+ 32. Kxh4 1/2-1/2

[Event "Mondiale Lampo FIDE 2017"]
[Site "Riyadh"]
[Date "29.12.2017"]
[Round "1.11"]
[White "Le, Quang Liem"]
[Black "Salgado Lopez, Ivan"]
[Result "1-0"]
[WhiteTitle "GM"]
[BlackTitle "GM"]
[WhiteElo "2737"]
[BlackElo "2644"]
[WhiteFideId "12401137"]
[BlackFideId "2257327"]
[EventDate "2017.12.29"]

1. d4 Nf6 2. Nf3 b6 3. Bf4 Bb7 4. e3 e6 5. Nbd2 Bd6 6. Bg3 O-O 7. Bd3 h6 8. c3
Bxg3 9. hxg3 d6 10. Qe2 Nbd7 11. e4 e5 12. dxe5 dxe5 13. O-O-O Nc5 14. Bc2 Ba6
15. Qe1 Qe7 16. Nb3 Rad8 17. Nxc5 Qxc5 18. b4 Rxd1+ 19. Bxd1 Qc6 20. Kb2 Re8 21.
Bc2 Bc4 22. Nh4 a5 23. a3 axb4 24. cxb4 b5 25. Qe3 Rd8 26. Nf5 Ng4 27. Ne7+ 1-0

[Event "Mondiale Lampo FIDE 2017"]
[Site "Riyadh"]
[Date "29.12.2017"]
[Round "1.13"]
[White "Korobov, Anton"]
[Black "Alekseev, Evgeny"]
[Result "1-0"]
[WhiteTitle "GM"]
[BlackTitle "GM"]
[WhiteElo "2652"]
[BlackElo "2616"]
[WhiteFideId "14105730"]
[BlackFideId "4138147"]
[EventDate "2017.12.29"]

1. d4 d5 2. c4 e6 3. Nc3 Bb4 4. a3 Bxc3+ 5. bxc3 c5 6. e3 Nf6 7. Bd3 O-O 8. cxd5
exd5 9. Ne2 b6 10. O-O Ba6 11. f3 Re8 12. Ng3 Qd7 13. Bxa6 Nxa6 14. Qd3 Nc7 15.
e4 Qb5 16. Qc2 cxd4 17. cxd4 Ne6 18. e5 Nd7 19. Nf5 g6 20. Nd6 Nxd4 21. Qf2 Qd3
22. Nxe8 Rxe8 23. Bb2 Ne2+ 24. Kh1 Nxe5 25. Rad1 Qc4 26. Qe3 d4 27. Bxd4 Nxd4
28. Qxd4 Qxd4 29. Rxd4 Nc6 30. Rd3 Re5 31. Rc1 Ne7 32. Kg1 Nf5 33. Kf2 Kg7 34.
g4 Ne7 35. Rc7 a5 36. Rdd7 Kf8 37. Rb7 b5 38. Rd8+ Kg7 39. Re8 1-0

[Event "Mondiale Lampo FIDE 2017"]
[Site "Riyadh"]
[Date "29.12.2017"]
[Round "1.14"]
[White "Ganguly, Surya Shekhar"]
[Black "Harikrishna, Pentala"]
[Result "1/2-1/2"]
[WhiteTitle "GM"]
[BlackTitle "GM"]
[WhiteElo "2650"]
[BlackElo "2744"]
[WhiteFideId "5002150"]
[BlackFideId "5007003"]
[EventDate "2017.12.29"]

1. e4 e5 2. Nf3 Nc6 3. Nc3 Nf6 4. d4 exd4 5. Nxd4 Bb4 6. Nxc6 bxc6 7. Bd3 O-O 8.
O-O d5 9. exd5 cxd5 10. Bg5 c6 11. Qf3 h6 12. Bxf6 Qxf6 13. Qxf6 gxf6 14. Ne2
Bd6 15. Nd4 c5 16. Nf5 Bxf5 17. Bxf5 Be5 18. Rad1 Bxb2 19. Rxd5 Bd4 20. c3 Bxc3
21. Rxc5 Bd4 22. Rc4 Rfd8 23. Rfc1 Bb6 24. Rc8 Raxc8 25. Rxc8 Rxc8 26. Bxc8 1/2-1/2

[Event "Mondiale Lampo FIDE 2017"]
[Site "Riyadh"]
[Date "29.12.2017"]
[Round "1.15"]
[White "Salem, A.R. Saleh"]
[Black "Adhiban, Baskaran"]
[Result "1/2-1/2"]
[WhiteTitle "GM"]
[BlackTitle "GM"]
[WhiteElo "2638"]
[BlackElo "2655"]
[WhiteFideId "9301348"]
[BlackFideId "5018471"]
[EventDate "2017.12.29"]

1. d4 d5 2. c4 e6 3. Nc3 c6 4. Nf3 Nf6 5. e3 Nbd7 6. Bd3 dxc4 7. Bxc4 b5 8. Bd3
Bd6 9. b3 Bb7 10. Bb2 O-O 11. Rc1 Rc8 12. a4 b4 13. Ne4 Nxe4 14. Bxe4 Nf6 15.
Bb1 c5 16. O-O Ne4 17. dxc5 Bxc5 18. Rc4 f5 19. Rc1 Ng5 20. Ne5 Nh3+ 21. gxh3
Qg5+ 22. Ng4 Rcd8 23. Rxc5 Rxd1 24. Rxd1 Rd8 25. Rdc1 h5 26. Rc7 Rc8 27. Rxg7+
Qxg7 28. Rxc8+ Bxc8 29. Bxg7 Kxg7 30. Ne5 Kf6 31. Nc6 Bb7 32. Nxa7 Bd5 33. Bc2
Ke5 34. Nb5 f4 35. a5 fxe3 36. fxe3 1/2-1/2

[Event "Mondiale Lampo FIDE 2017"]
[Site "Riyadh"]
[Date "29.12.2017"]
[Round "1.16"]
[White "Van Foreest, Jorden"]
[Black "Andriasian, Zaven"]
[Result "0-1"]
[WhiteTitle "GM"]
[BlackTitle "GM"]
[WhiteElo "2629"]
[BlackElo "2585"]
[WhiteFideId "1039784"]
[BlackFideId "13302000"]
[EventDate "2017.12.29"]

1. e4 d6 2. d4 Nf6 3. Bd3 g6 4. Nf3 Bg7 5. O-O O-O 6. Re1 c6 7. c3 Qc7 8. h3 e5
9. Bg5 Nbd7 10. Nbd2 h6 11. Be3 Re8 12. Qc2 Nh5 13. Rad1 Nf8 14. Bf1 Qe7 15. Nc4
b5 16. Na5 Qc7 17. b4 a6 18. dxe5 dxe5 19. c4 Ne6 20. Rc1 Bd7 21. cxb5 axb5 22.
Bxb5 cxb5 23. Qxc7 Nxc7 24. Rxc7 Be6 25. a3 Nf4 26. Rc5 Nd3 27. Rxb5 Nxe1 28.
Nxe1 Red8 29. Nf3 Rd3 30. Nxe5 Rxa3 31. Nec6 g5 32. Bd4 Bf8 33. Rb7 Ra4 34. Ne7+
Bxe7 35. Rxe7 Rxb4 36. Bc3 Rxe4 37. Nb7 Bd5 38. Rd7 Bxb7 39. Rxb7 Re6 40. Bd4
Rd8 41. Be3 Kg7 42. Kh2 Kg6 43. g4 Rde8 44. Kg2 R6e7 45. Rb6+ f6 46. Bd4 Re6 47.
Rb7 h5 48. Be3 Re4 49. Kf3 R4e6 50. Rb5 Rc8 51. Kg3 Rc4 52. Rb8 hxg4 53. hxg4
Ree4 54. Kf3 Rxg4 55. Rb6 Rh4 56. Kg3 Rh7 57. Ra6 Rhc7 58. Kg2 R7c6 59. Ra8 Rc8
60. Ra6 R4c6 61. Ra5 Re6 62. Rb5 Rc3 63. Bd4 Rd3 64. Ba7 Ra6 65. Rb7 f5 66. Bc5
f4 67. Rb8 Kf5 68. Be7 Kg4 69. Rb5 f3+ 0-1

[Event "Mondiale Lampo FIDE 2017"]
[Site "Riyadh"]
[Date "29.12.2017"]
[Round "1.18"]
[White "Howell, David W L"]
[Black "Kasimdzhanov, Rustam"]
[Result "1/2-1/2"]
[WhiteTitle "GM"]
[BlackTitle "GM"]
[WhiteElo "2676"]
[BlackElo "2683"]
[WhiteFideId "410608"]
[BlackFideId "14200244"]
[EventDate "2017.12.29"]

1. c4 Nf6 2. Nc3 c5 3. Nf3 d5 4. cxd5 Nxd5 5. g3 Nc6 6. Bg2 Nc7 7. O-O e5 8. a3
Bd7 9. e3 Be7 10. d4 exd4 11. exd4 cxd4 12. Nxd4 O-O 13. Be3 Bf6 14. Rc1 Nxd4
15. Bxd4 Bc6 16. Bxf6 Qxf6 17. Bxc6 bxc6 18. Qd7 Nb5 19. Nxb5 cxb5 20. Qxb5 Rab8
21. Qa5 Qxb2 22. Rc7 Rb7 23. Rxb7 Qxb7 24. Rc1 h6 25. h4 Re8 26. Qc3 h5 27. a4
Qd5 28. Re1 Rxe1+ 29. Qxe1 a5 30. Kh2 f6 31. Qc3 Kf7 32. Qc7+ Kg6 33. Qc2+ Qf5
34. Qd2 Qc5 35. Qd3+ Kf7 36. Qd7+ Kg6 37. Qd3+ 1/2-1/2

[Event "Mondiale Lampo FIDE 2017"]
[Site "Riyadh"]
[Date "29.12.2017"]
[Round "1.20"]
[White "Zhao, Jun"]
[Black "Anand, Viswanathan"]
[Result "1/2-1/2"]
[WhiteTitle "GM"]
[BlackTitle "GM"]
[WhiteElo "2604"]
[BlackElo "2782"]
[WhiteFideId "8602522"]
[BlackFideId "5000017"]
[EventDate "2017.12.29"]

1. Nf3 d5 2. g3 c5 3. Bg2 Nc6 4. O-O e5 5. d3 Nf6 6. e4 d4 7. a4 Be7 8. Na3 O-O
9. Bd2 Ne8 10. Nc4 Qc7 11. Ne1 Be6 12. f4 f6 13. f5 Bf7 14. g4 Nd6 15. b3 a6 16.
a5 Nb5 17. h4 Nc3 18. Qf3 Bxc4 19. dxc4 Nxa5 20. g5 Nc6 21. Qh5 Rfd8 22. Nd3 Nb4
23. Rac1 b5 24. Nb2 Bf8 25. Rfe1 h6 26. Bf1 Qf7 27. Qg4 fxg5 28. hxg5 hxg5 29.
Bxg5 Be7 30. Bd2 Rd6 31. Bd3 Bf6 32. Kg2 Kf8 33. Rh1 Ke7 34. Ra1 Rdd8 35. Qg3
Kd7 36. Bxc3 dxc3 37. Nd1 Nxd3 38. cxd3 b4 39. Ne3 Kc6 40. Nd5 a5 41. Ra4 Rxd5
42. exd5+ Kb6 43. Qg4 e4 44. dxe4 Qc7 45. Qg3 Qxg3+ 46. Kxg3 Re8 47. Kf3 Bg5 48.
Ra2 Bf6 49. Ra4 Bg5 50. Ra2 Bf6 51. Ra4 1/2-1/2

[Event "Mondiale Lampo FIDE 2017"]
[Site "Riyadh"]
[Date "29.12.2017"]
[Round "1.21"]
[White "Grischuk, Alexander"]
[Black "Grigoriants, Sergey"]
[Result "1/2-1/2"]
[WhiteTitle "GM"]
[BlackTitle "GM"]
[WhiteElo "2772"]
[BlackElo "2561"]
[WhiteFideId "4126025"]
[BlackFideId "4130804"]
[EventDate "2017.12.29"]

1. e4 c6 2. d4 d5 3. exd5 cxd5 4. Nf3 Nc6 5. Bb5 Bg4 6. h3 Bxf3 7. Qxf3 a6 8.
Bxc6+ bxc6 9. c4 e6 10. O-O Bd6 11. Nc3 Ne7 12. c5 Bc7 13. Bf4 O-O 14. Na4 Rb8
15. Nb6 Nc8 16. Nxc8 Qxc8 17. b3 a5 18. Rab1 Rb4 19. Rfd1 Bxf4 20. Qxf4 Qb8 21.
Qe3 h6 22. a3 Rb5 23. Qc3 Qb7 24. Rd3 Rb8 25. Rg3 Qe7 26. Qe3 Qf6 27. Qc3 Qf5
28. Rb2 Qf4 29. Rf3 Qg5 30. Rg3 Qf4 31. Rf3 Qg5 32. Rg3 1/2-1/2

[Event "Mondiale Lampo FIDE 2017"]
[Site "Riyadh"]
[Date "29.12.2017"]
[Round "1.22"]
[White "Rakhmanov, Aleksandr"]
[Black "Ponomariov, Ruslan"]
[Result "1-0"]
[WhiteTitle "GM"]
[BlackTitle "GM"]
[WhiteElo "2653"]
[BlackElo "2694"]
[WhiteFideId "4173708"]
[BlackFideId "14103320"]
[EventDate "2017.12.29"]

1. d4 Nf6 2. c4 e6 3. Nc3 Bb4 4. e3 O-O 5. Bd3 c5 6. Ne2 d5 7. a3 Bxc3+ 8. bxc3
dxc4 9. Bxc4 Qc7 10. Ba2 b6 11. O-O Bb7 12. Bb2 Nc6 13. c4 Rfd8 14. d5 Ne5 15.
Nf4 b5 16. d6 Qc6 17. Bxe5 1-0

[Event "Mondiale Lampo FIDE 2017"]
[Site "Riyadh"]
[Date "29.12.2017"]
[Round "1.23"]
[White "Petrosian, Tigran L."]
[Black "Jumabayev, Rinat"]
[Result "1/2-1/2"]
[WhiteTitle "GM"]
[BlackTitle "GM"]
[WhiteElo "2601"]
[BlackElo "2612"]
[WhiteFideId "13301616"]
[BlackFideId "13702661"]
[EventDate "2017.12.29"]

1. Nf3 d5 2. g3 g6 3. Bg2 Bg7 4. O-O e5 5. d3 Ne7 6. c4 c6 7. Nc3 O-O 8. Qc2 h6
9. b3 Re8 10. Ba3 Na6 11. Rac1 Qa5 12. Bb2 Bg4 13. a3 Qd8 14. b4 Nc7 15. cxd5
Nexd5 16. Ne4 a5 17. Qb3 axb4 18. axb4 Nb5 19. Nc5 Qe7 20. e3 Red8 21. Rc4 h5
22. h3 Bxf3 23. Bxf3 Nd6 24. Rcc1 Nc7 25. g4 hxg4 26. hxg4 Ncb5 27. Kg2 Qg5 28.
Rh1 Re8 29. Rh3 Rad8 30. Rch1 Nc7 31. Kf1 Ne6 32. Nxe6 Rxe6 33. Bd1 Nb5 34. Be2
Red6 35. Qa2 R6d7 36. Qc4 Nd6 37. Qc5 Nb5 38. Qc4 Nd6 39. Qb3 Nb5 40. f4 Qe7 41.
f5 Qg5 42. Bc1 e4 43. fxg6 exd3 44. gxf7+ Rxf7+ 45. Bf3 d2 46. Bxd2 Rxd2 47. Ke1
Rd6 48. Rh5 Qf6 49. Rf5 Qc3+ 50. Qxc3 Bxc3+ 51. Kf2 Rxf5 52. gxf5 Bxb4 53. e4
Bc3 54. Bh5 Be5 55. Bg6 Rd7 56. Kf3 Nc3 57. Ke3 b5 58. f6 Bxf6 59. Bf5 Re7 60.
Kd3 b4 61. Kc4 Nxe4 62. Rg1+ Kf8 63. Kxb4 Nd6 64. Bc2 Bd4 65. Rf1+ Rf7 66. Rxf7+
Kxf7 67. Bd3 c5+ 68. Kb3 Kf6 69. Kc2 c4 70. Bxc4 1/2-1/2

[Event "Mondiale Lampo FIDE 2017"]
[Site "Riyadh"]
[Date "29.12.2017"]
[Round "1.24"]
[White "Ni, Hua"]
[Black "McShane, Luke J"]
[Result "1-0"]
[WhiteTitle "GM"]
[BlackTitle "GM"]
[WhiteElo "2671"]
[BlackElo "2640"]
[WhiteFideId "8601160"]
[BlackFideId "404853"]
[EventDate "2017.12.29"]

1. e4 g6 2. d4 Bg7 3. Nf3 d6 4. Bd3 Nf6 5. O-O O-O 6. Re1 Nc6 7. c3 e5 8. Nbd2
h6 9. h3 Nh5 10. dxe5 Nf4 11. Bc4 dxe5 12. Nf1 Qf6 13. Ne3 Ne7 14. Ng4 Bxg4 15.
hxg4 Rad8 16. Qb3 b6 17. Be3 Nc8 18. g3 Nd3 19. Bxd3 Qxf3 20. Be2 Qxe4 21. Rad1
Nd6 22. Qd5 Qa4 23. Qb3 Qe8 24. a4 Kh8 25. a5 f5 26. gxf5 gxf5 27. axb6 axb6 28.
Bc1 Qg6 29. Qc2 h5 30. Kg2 Ne4 31. Rxd8 Rxd8 32. Bxh5 Qe6 33. Bf3 Nf6 34. Bg5 c6
35. Qa4 b5 36. Qh4+ Kg8 37. Rh1 Re8 38. Bd1 Qd5+ 39. Bf3 Qe6 40. Bd1 Kf8 41. Bb3
Nd5 42. Qh7 Ne3+ 43. fxe3 Qxb3 44. Qxf5+ Qf7 45. Qe4 Qd5 46. Kf3 Kf7 47. Qxd5+
cxd5 48. e4 d4 49. cxd4 exd4 50. Bf4 Rc8 51. e5 Rc2 52. Ke4 Rxb2 53. Kxd4 Ke6
54. Rh7 Bxe5+ 55. Bxe5 Rb4+ 56. Kc5 Rb3 57. Bf4 Kf5 58. Rb7 Rc3+ 59. Kxb5 Kg4
60. Rg7+ Kf5 61. Rf7+ Kg4 62. Rc7 Rd3 63. Kc4 Rd1 64. Rc6 Kf5 65. Rc5+ Kg4 66.
Rd5 Re1 67. Rg5+ Kf3 68. Re5 Rd1 69. Re3+ Kg4 70. Rd3 Re1 71. Kd4 Kf5 72. Rd2
Re4+ 73. Kd3 Re6 74. Re2 Ra6 75. Re5+ Kg4 76. Rg5+ Kf3 77. Rg8 Ra7 78. Kd4 Ra5
79. Re8 Kg4 80. Rd8 Ra4+ 81. Ke5 Ra5+ 82. Kf6 Ra6+ 83. Rd6 Ra5 84. Kg6 Rb5 85.
Kh7 Rb7+ 86. Kh6 Ra7 87. Rg6+ Kf3 88. Bd6 Ra4 89. Rf6+ Kg2 90. Kh5 Kh3 91. g4
Ra8 92. g5 Rh8+ 93. Rh6 Re8 94. Rf6 Rh8+ 95. Kg6 Rg8+ 96. Kh6 Rh8+ 97. Kg7 Rd8
98. g6 Kg4 99. Be7 Rd7 100. Kf7 1-0

[Event "Mondiale Lampo FIDE 2017"]
[Site "Riyadh"]
[Date "29.12.2017"]
[Round "1.25"]
[White "Yu, Yangyi"]
[Black "Dervishi, Erald"]
[Result "1-0"]
[WhiteTitle "GM"]
[BlackTitle "GM"]
[WhiteElo "2751"]
[BlackElo "2552"]
[WhiteFideId "8603820"]
[BlackFideId "4700236"]
[EventDate "2017.12.29"]

1. e4 e5 2. Nf3 Nc6 3. Bb5 a6 4. Ba4 Nf6 5. O-O Be7 6. Re1 b5 7. Bb3 d6 8. a4
Bb7 9. d3 O-O 10. Nc3 Nd4 11. Nxd4 exd4 12. Ne2 c5 13. Ng3 g6 14. Bh6 Re8 15.
Qf3 Bf8 16. Bg5 Bg7 17. h4 h6 18. Bd2 d5 19. e5 Nh7 20. h5 Nf8 21. hxg6 fxg6 22.
Ne4 c4 23. Nf6+ Bxf6 24. exf6 Rxe1+ 25. Rxe1 cxb3 26. Re7 bxc2 27. Qf4 g5 28.
Qh2 1-0

[Event "Mondiale Lampo FIDE 2017"]
[Site "Riyadh"]
[Date "29.12.2017"]
[Round "1.26"]
[White "Kovalev, Vladislav"]
[Black "Safarli, Eltaj"]
[Result "1/2-1/2"]
[WhiteTitle "GM"]
[BlackTitle "GM"]
[WhiteElo "2639"]
[BlackElo "2639"]
[WhiteFideId "13504398"]
[BlackFideId "13402129"]
[EventDate "2017.12.29"]

1. e4 e5 2. Nf3 Nc6 3. Bc4 Bc5 4. c3 Nf6 5. d4 exd4 6. e5 d5 7. Bb5 Ne4 8. cxd4
Bb6 9. Nc3 O-O 10. Be3 Bg4 11. h3 Bh5 12. Qc2 Bg6 13. Qb3 Ne7 14. O-O c6 15. Bd3
Nd2 16. Nxd2 Bxd3 17. Rfe1 Nf5 18. Na4 Bc4 19. Qc3 Bb5 20. Nc5 Bxc5 21. Qxc5 Qe7
22. Qc3 Rfe8 23. a4 Ba6 24. b4 Rac8 25. Qb3 b6 26. b5 Bb7 27. bxc6 Bxc6 28. a5
b5 29. Qb2 Bd7 30. Rec1 a6 31. Rab1 Be6 32. Nb3 Rc4 33. Nd2 Ra4 34. Rc6 Rxa5 35.
Nb3 Ra4 36. Nc5 Rc4 37. Rxa6 b4 38. Rb6 h5 39. Rxb4 Rxb4 40. Qxb4 Qh4 41. Qd2
Qd8 42. g3 Ne7 43. Nxe6 fxe6 44. Bg5 Qd7 45. Bxe7 Qxe7 46. Rb6 Qf7 47. Qg5 Rf8
48. f4 Qc7 49. Rb1 Qc2 50. Rf1 Qd2 51. Qxh5 1/2-1/2